| 000 | 00569nam a2200205Ia 4500 | ||
|---|---|---|---|
| 005 | 20250923145213.0 | ||
| 008 | 008 250917s9999 xx 000 0 eng d | ||
| 037 | _aTextual | ||
| 040 |
_aDSWL _beng _cDSWL |
||
| 041 |
_aeng _2eng |
||
| 084 |
_aW81.1, N69 _qDSWL |
||
| 100 |
_aHensman, C.R. _9832854 |
||
| 245 | 0 |
_aFrom Gandhi to Guevara _cby C.R. Hensman |
|
| 260 |
_aLondon _bAllen Lane The Penguin Press _c1969 |
||
| 300 | _avi,211p. | ||
| 365 |
_aINR _b63 |
||
| 925 | _g63 | ||
| 942 |
_cTEXL _hW81.1, N69 |
||
| 999 |
_c1448416 _d1448416 |
||